{"text_format":"2","workbook":"xlsx","n_sheets":2,"sheets":["packing","Sheet"],"not_rendered":{"charts":0,"images":0,"macros":0,"external_links":0,"defined_names":1,"comments":0,"pivot_tables":0},"unopened":[],"bounds":{"document_bytes":16777216,"sheet_cells":100000,"run_cost":"one","rows_first":2000,"rows_last":500,"rows_between":2000,"halvings":0,"cell_chars":16384,"cell_head_chars":4096},"cells_cut":0,"cells_raw":0,"read":"whole","date_system":"1900"}

{"sheet":"packing","index":0,"n_rows":95,"n_cols":25,"rows_kept":95,"cut":false,"hidden":false,"merged":[]}
["DATA","FURNIZOR","CF","CountryOfOrigin","EXP","DeliveryTermsCode","ACode","Bcode","TransportCode","INVNR","VSCODE","NAME","GROUP","UM","Q","PRICE","NETWEIGHT","NETVALUE","SUPPL","SUPPLVALUE","Ppacking","Spacking","Paper","Plastic","Wooden"]
["2024-04-04","ATLAS DIGITAL SA","EL094154295","JP","GR","EXW",1,1.1,3,null,"32151900","ROLAND TE2 INK MG 500cc",null,"Buc",3,214.63,2.13,643.88,null,null,0.51,0.36]
["2024-04-04","ATLAS DIGITAL SA","EL094154295","JP","GR","EXW",1,1.1,3,null,"32151900","ROLAND TE2 INK YE 500cc",null,"Buc",2,214.63,1.42,429.25,null,null,0.34,0.24]
["2024-04-04","ATLAS DIGITAL SA","EL094154295","JP","GR","EXW",1,1.1,3,null,"84439990","ROLAND ASSY,HEAD INKJET VS-640",null,"Buc",3,7741.65,0,23224.95,null,null,0,0]
["2024-04-04","ATLAS DIGITAL SA","EL094154295","JP","GR","EXW",1,1.1,3,null,"84439990","ROLAND ASSY,HEAD INKJET SOL XC-540 SV2",null,"Buc",1,2348.05,0,2348.05,null,null,0,0]
["2024-04-04","ATLAS DIGITAL SA","EL094154295","JP","GR","EXW",1,1.1,3,null,"32151900","ROLAND UV PRIMER METAL CMR-790 (1000 ml)",null,"Buc",2,126.25,1.36,252.5,null,null,0.24,0.4]
["2024-04-04","ATLAS DIGITAL SA","EL094154295","JP","GR","EXW",1,1.1,3,null,"84439990","ROLAND WIPER,HEAD FELT VS-640",null,"Buc",10,45.96,0,459.55,null,null,0,0]
["2024-04-04","ATLAS DIGITAL SA","EL094154295","JP","GR","EXW",1,1.1,3,null,"84439990","ROLAND WIPER,HEAD VS-640/XR-640",null,"Buc",10,78.78,0,787.8,null,null,0,0]
["2024-04-04","ATLAS DIGITAL SA","EL094154295","JP","GR","EXW",1,1.1,3,null,"84439990","ROLAND WIPER,HEAD VG-640",null,"Buc",6,65.65000000000001,0,393.9,null,null,0,0]
["2024-04-04","ATLAS DIGITAL SA","EL094154295","JP","GR","EXW",1,1.1,3,null,"34029090","ROLAND TR2 CLEANING LIQUID_2 500cc",null,"Buc",4,232.3,2.84,929.2,null,null,0.68,0.48]
["2024-04-04","ATLAS DIGITAL SA","EL094154295","JP","GR","EXW",1,1.1,3,null,"32151900","ROLAND UV INK UG-641 CY, 500cc",null,"Buc",4,252.5,1.88,1010,null,null,0.6,1.52]
["2024-04-05","ATLAS DIGITAL SA","EL094154295","JP","GR","EXW",1,1.1,3,null,"84433900","ROLAND MG-640 UV PRINTER-CUTTER 64″",null,"Buc",1,66892.3,163,66892.3,null,null,0,55]
["2024-04-05","ATLAS DIGITAL SA","EL094154295","JP","GR","EXW",1,1.1,3,null,"84439990","ROLAND TUC-4 TAKE-UP CONTROLLER",null,"Buc",1,3509.75,19,3509.75,null,null,0,6]
["2024-04-05","ATLAS DIGITAL SA","EL094154295","JP","GR","EXW",1,1.1,3,null,"84439990","ROLAND TU4-64 TAKE-UP RAIL",null,"Buc",1,1186.75,14,1186.75,null,null,0,5]
["2024-04-12","ATLAS DIGITAL SA","EL094154295","JP","GR","EXW",1,1.1,3,null,"32151900","ROLAND EUV4 WH",null,"Buc",25,313.1,11.75,7827.5,null,null,3.75,9.5]
["2024-04-12","ATLAS DIGITAL SA","EL094154295","JP","GR","EXW",1,1.1,3,null,"32151100","ROLAND EUV4 BK",null,"Buc",25,313.1,11.75,7827.5,null,null,3.75,9.5]
["2024-04-12","ATLAS DIGITAL SA","EL094154295","JP","GR","EXW",1,1.1,3,null,"32151900","ROLAND EUV4 YE",null,"Buc",25,313.1,11.75,7827.5,null,null,3.75,9.5]
["2024-04-12","ATLAS DIGITAL SA","EL094154295","JP","GR","EXW",1,1.1,3,null,"32151900","ROLAND EUV4 MG",null,"Buc",25,313.1,11.75,7827.5,null,null,3.75,9.5]
["2024-04-12","ATLAS DIGITAL SA","EL094154295","JP","GR","EXW",1,1.1,3,null,"32151900","ROLAND EUV4 CY",null,"Buc",20,313.1,9.399999999999999,6262,null,null,3,7.6]
["2024-04-12","ATLAS DIGITAL SA","EL094154295","JP","GR","EXW",1,1.1,3,null,"32151900","ROLAND EUV4 GL",null,"Buc",5,313.1,2.35,1565.5,null,null,0.75,1.9]
["2024-04-12","ATLAS DIGITAL SA","EL094154295","JP","GR","EXW",1,1.1,3,null,"32151900","ROLAND UV INK UG-641 MG, 500cc",null,"Buc",6,252.5,2.82,1515,null,null,0.8999999999999999,2.28]
["2024-04-12","ATLAS DIGITAL SA","EL094154295","JP","GR","EXW",1,1.1,3,null,"32151900","ROLAND UV INK UG-641 YE, 500cc",null,"Buc",6,252.5,2.82,1515,null,null,0.8999999999999999,2.28]
["2024-04-12","ATLAS DIGITAL SA","EL094154295","JP","GR","EXW",1,1.1,3,null,"32151100","ROLAND UV INK UG-641 BK, 500cc",null,"Buc",6,252.5,2.82,1515,null,null,0.8999999999999999,2.28]
["2024-04-12","ATLAS DIGITAL SA","EL094154295","JP","GR","EXW",1,1.1,3,null,"32151900","ROLAND UV INK UG-641 GL, 500cc",null,"Buc",2,252.5,0.9399999999999999,505,null,null,0.3,0.76]
["2024-04-12","ATLAS DIGITAL SA","EL094154295","JP","GR","EXW",1,1.1,3,null,"32151900","ROLAND TE2 INK YE 500cc",null,"Buc",10,214.63,7.1,2146.25,null,null,1.7,1.2]
["2024-04-12","ATLAS DIGITAL SA","EL094154295","JP","GR","EXW",1,1.1,3,null,"32151100","ROLAND TE2 INK BK 500cc",null,"Buc",10,214.63,7.1,2146.25,null,null,1.7,1.2]
["2024-04-12","ATLAS DIGITAL SA","EL094154295","JP","GR","EXW",1,1.1,3,null,"32151900","ROLAND TE2 INK MG 500cc",null,"Buc",10,214.63,7.1,2146.25,null,null,1.7,1.2]
["2024-04-12","ATLAS DIGITAL SA","EL094154295","JP","GR","EXW",1,1.1,3,null,"32151900","ROLAND TE2 INK CY 500cc",null,"Buc",10,214.63,7.1,2146.25,null,null,1.7,1.2]
["2024-04-12","ATLAS DIGITAL SA","EL094154295","JP","GR","EXW",1,1.1,3,null,"32151100","ROLAND TE2 INK BK 750cc",null,"Buc",5,297.95,8.550000000000001,1489.75,null,null,0.8500000000000001,0.6]
["2024-04-12","ATLAS DIGITAL SA","EL094154295","JP","GR","EXW",1,1.1,3,null,"32151900","ROLAND TE2 INK YE 750cc",null,"Buc",5,297.95,8.550000000000001,1489.75,null,null,0.8500000000000001,0.6]
["2024-04-12","ATLAS DIGITAL SA","EL094154295","JP","GR","EXW",1,1.1,3,null,"32151900","ROLAND TE2 INK MG 750cc",null,"Buc",5,297.95,8.550000000000001,1489.75,null,null,0.8500000000000001,0.6]
["2024-04-12","ATLAS DIGITAL SA","EL094154295","JP","GR","EXW",1,1.1,3,null,"32151900","ROLAND TE2 INK CY 750cc",null,"Buc",5,297.95,8.550000000000001,1489.75,null,null,0.8500000000000001,0.6]
["2024-04-12","ATLAS DIGITAL SA","EL094154295","JP","GR","EXW",1,1.1,3,null,"84433900","ROLAND UG-641 UV PRINTER-CUTTER 64″",null,"Buc",1,52015,94,52015,null,null,0,32]
["2024-04-12","ATLAS DIGITAL SA","EL094154295","JP","GR","EXW",1,1.1,3,null,"84439990","ROLAND DAMPER,INK VS-640_1",null,"Buc",30,292.14,0,8764.280000000001,null,null,0,0]
["2024-04-19","ATLAS DIGITAL SA","EL094154295","JP","GR","EXW",1,1.1,3,null,"84433900","ROLAND UG-641 UV PRINTER-CUTTER 64″",null,"Buc",1,52015,94,52015,null,null,0,32]
["2024-04-25","ATLAS DIGITAL SA","EL094154295","JP","GR","EXW",1,1.1,3,null,"32151900","ROLAND TE2 INK MG 500cc",null,"Buc",3,214.63,2.13,643.88,null,null,0.51,0.36]
["2024-04-25","ATLAS DIGITAL SA","EL094154295","JP","GR","EXW",1,1.1,3,null,"32151900","ROLAND TE2 INK YE 500cc",null,"Buc",6,214.63,4.26,1287.75,null,null,1.02,0.72]
["2024-04-25","ATLAS DIGITAL SA","EL094154295","JP","GR","EXW",1,1.1,3,null,"32151100","ROLAND MAX2 ESL4-440 BK",null,"Buc",3,409.05,1.86,1227.15,null,null,0.75,0.39]
["2024-04-25","ATLAS DIGITAL SA","EL094154295","JP","GR","EXW",1,1.1,3,null,"32151900","ROLAND MAX2 ESL4-440 YE",null,"Buc",3,409.05,1.86,1227.15,null,null,0.75,0.39]
["2024-04-25","ATLAS DIGITAL SA","EL094154295","JP","GR","EXW",1,1.1,3,null,"32151900","ROLAND MAX2 ESL4-440 MG",null,"Buc",3,409.05,1.86,1227.15,null,null,0.75,0.39]
["2024-04-25","ATLAS DIGITAL SA","EL094154295","JP","GR","EXW",1,1.1,3,null,"84439990","ROLAND XD-CH3",null,"Buc",3,242.4,0,727.2,null,null,0,0]
["2024-04-25","ATLAS DIGITAL SA","EL094154295","JP","GR","EXW",1,1.1,3,null,"32151900","ROLAND MAX2 ESL4-440 LC",null,"Buc",2,409.05,1.24,818.1,null,null,0.5,0.26]
["2024-04-25","ATLAS DIGITAL SA","EL094154295","JP","GR","EXW",1,1.1,3,null,"32151900","ROLAND EUV PR",null,"Buc",2,343.4,0.9399999999999999,686.8,null,null,0.3,0.76]
["2024-04-25","ATLAS DIGITAL SA","EL094154295","JP","GR","EXW",1,1.1,3,null,"84439990","ROLAND CABLE-CARD,36P1 2670L BB HIGH-V",null,"Buc",2,177.26,0,354.51,null,null,0,0]
["2024-04-25","ATLAS DIGITAL SA","EL094154295","JP","GR","EXW",1,1.1,3,null,"84439990","ROLAND WIPER,HEAD FELT VS-640",null,"Buc",5,45.96,0,229.78,null,null,0,0]
["2024-04-25","ATLAS DIGITAL SA","EL094154295","JP","GR","EXW",1,1.1,3,null,"84439990","ROLAND PAD,CLEANER D VG-640TH",null,"Buc",2,82.06,0,164.13,null,null,0,0]
["2024-04-25","ATLAS DIGITAL SA","EL094154295","JP","GR","EXW",1,1.1,3,null,"84439990","ROLAND ASSY,DRAIN PAD BN-20_01",null,"Buc",2,108.32,0,216.65,null,null,0,0]
["2024-04-25","ATLAS DIGITAL SA","EL094154295","JP","GR","EXW",1,1.1,3,null,"84439990","ROLAND CUTTING BLADE ZEC-U5022 55°/0.25, 2pcs",null,"Buc",5,167.41,0,837.04,null,null,0,0]
["2024-04-25","ATLAS DIGITAL SA","EL094154295","JP","GR","EXW",1,1.1,3,null,"84439990","ROLAND P-ROLLER,TD16S4(B10) TYPE2-2 (EXT)",null,"Buc",10,137.87,0,1378.65,null,null,0,0]
["2024-04-25","ATLAS DIGITAL SA","EL094154295","JP","GR","EXW",1,1.1,3,null,"84439990","ROLAND ASSY,HEAD INKJET VS-640",null,"Buc",1,7741.65,0,7741.65,null,null,0,0]
["2024-04-25","ATLAS DIGITAL SA","EL094154295","JP","GR","EXW",1,1.1,3,null,"32151900","ROLAND EUV4 WH",null,"Buc",25,313.1,11.75,7827.5,null,null,3.75,9.5]
["2024-04-25","ATLAS DIGITAL SA","EL094154295","JP","GR","EXW",1,1.1,3,null,"84439990","ROLAND ASSY,HEAD INKJET SV LEF2-300",null,"Buc",2,2590.35,0,5180.69,null,null,0,0]
["2024-04-25","ATLAS DIGITAL SA","EL094154295","JP","GR","EXW",1,1.1,3,null,"32151900","ROLAND MAX2 ESL4-440 MG",null,"Buc",3,409.05,1.86,1227.15,null,null,0.75,0.39]
["2024-04-25","ATLAS DIGITAL SA","EL094154295","JP","GR","EXW",1,1.1,3,null,"84439990","ROLAND ZEC-U5022 CUTTING BLADE - 55°/0.25",null,"Buc",14,167.41,0,2343.71,null,null,0,0]
["2024-04-25","ATLAS DIGITAL SA","EL094154295","JP","GR","EXW",1,1.1,3,null,"84439990","ROLAND ASSY,CAP-TOP 2 XC-540 (UV ink)",null,"Buc",6,118.17,0,709.02,null,null,0,0]
["2024-04-25","ATLAS DIGITAL SA","EL094154295","JP","GR","EXW",1,1.1,3,null,"32151900","ROLAND MAX2 ESL4-440 CY",null,"Buc",2,409.05,1.24,818.1,null,null,0.5,0.26]
["2024-04-25","ATLAS DIGITAL SA","EL094154295","JP","GR","EXW",1,1.1,3,null,"32151100","ROLAND MAX2 ESL4-440 BK",null,"Buc",1,409.05,0.62,409.05,null,null,0.25,0.13]
["2024-04-25","ATLAS DIGITAL SA","EL094154295","JP","GR","EXW",1,1.1,3,null,"32151100","ROLAND TE2 INK LC 750cc",null,"Buc",2,348.45,3.42,696.9,null,null,0.34,0.24]
["2024-04-25","ATLAS DIGITAL SA","EL094154295","JP","GR","EXW",1,1.1,3,null,"32151900","ROLAND TE2 INK LM 750cc",null,"Buc",2,348.45,3.42,696.9,null,null,0.34,0.24]
["2024-04-25","ATLAS DIGITAL SA","EL094154295","JP","GR","EXW",1,1.1,3,null,"84439990","ROLAND KEY TOP,FS-SX1H MCG",null,"Buc",2,4.24,0,8.48,null,null,0,0]
["2024-04-25","ATLAS DIGITAL SA","EL094154295","JP","GR","EXW",1,1.1,3,null,"84439990","ROLAND ASSY,SERVO BOARD XR-640",null,"Buc",1,1844.77,0,1844.77,null,null,0,0]
["2024-04-25","ATLAS DIGITAL SA","EL094154295","JP","GR","EXW",1,1.1,3,null,"32151900","ROLAND EUV5 INK CY 500cc",null,"Buc",2,414.1,1.24,828.2,null,null,0.5,0.26]
["2024-04-25","ATLAS DIGITAL SA","EL094154295","JP","GR","EXW",1,1.1,3,null,"32151900","ROLAND EUV5 INK MG 500cc",null,"Buc",1,414.1,0.62,414.1,null,null,0.25,0.13]
["2024-04-25","ATLAS DIGITAL SA","EL094154295","JP","GR","EXW",1,1.1,3,null,"32151900","ROLAND EUV5 INK YE 500cc",null,"Buc",1,414.1,0.62,414.1,null,null,0.25,0.13]
["2024-04-25","ATLAS DIGITAL SA","EL094154295","JP","GR","EXW",1,1.1,3,null,"32151100","ROLAND EUV5 INK BK 500cc",null,"Buc",2,414.1,1.24,828.2,null,null,0.5,0.26]
["2024-04-25","ATLAS DIGITAL SA","EL094154295","JP","GR","EXW",1,1.1,3,null,"84439990","ROLAND P-ROLLER,FD16S4(B10) TYPE2-2 (INT)",null,"Buc",3,147.71,0,443.14,null,null,0,0]
["2024-04-25","ATLAS DIGITAL SA","EL094154295","JP","GR","EXW",1,1.1,3,null,"84439990","ROLAND ASSY,PINCHROLL C CG2048",null,"Buc",1,370.97,0,370.97,null,null,0,0]
["2024-04-30","ATLAS DIGITAL SA","EL094154295","JP","GR","EXW",1,1.1,3,null,"84433900","ROLAND MO-240 UV OBJECT PRINTER 24\" x 18\"",null,"Buc",1,115493.5,211,115493.5,null,null,0,55]
["2024-04-30","ATLAS DIGITAL SA","EL094154295","JP","GR","EXW",1,1.1,3,null,"84561190","ROLAND ROTARY AXES for MO-240",null,"Buc",1,10731.25,0,10731.25,null,null,0,0]
["2024-04-30","ATLAS DIGITAL SA","EL094154295","JP","GR","EXW",1,1.1,3,null,"84433900","ROLAND ANTI-STATIC BAR for MO-240",null,"Buc",1,7186.15,52,7186.15,null,null,0,15]
["2024-04-30","ATLAS DIGITAL SA","EL094154295","JP","GR","EXW",1,1.1,3,null,"32151100","ROLAND EUV5P INK POUCH BK 750cc",null,"Buc",2,429.25,3.42,858.5,null,null,0.34,0.24]
["2024-04-30","ATLAS DIGITAL SA","EL094154295","JP","GR","EXW",1,1.1,3,null,"32151900","ROLAND EUV5P INK POUCH CY 750cc",null,"Buc",2,429.25,3.42,858.5,null,null,0.34,0.24]
["2024-04-30","ATLAS DIGITAL SA","EL094154295","JP","GR","EXW",1,1.1,3,null,"32151900","ROLAND EUV5P INK POUCH GL 750cc",null,"Buc",4,429.25,6.84,1717,null,null,0.68,0.48]
["2024-04-30","ATLAS DIGITAL SA","EL094154295","JP","GR","EXW",1,1.1,3,null,"32151900","ROLAND EUV5P INK POUCH MG 750cc",null,"Buc",2,429.25,3.42,858.5,null,null,0.34,0.24]
["2024-04-30","ATLAS DIGITAL SA","EL094154295","JP","GR","EXW",1,1.1,3,null,"32151900","ROLAND EUV5P INK POUCH WH 750cc",null,"Buc",4,464.6,6.84,1858.4,null,null,0.68,0.48]
["2024-04-30","ATLAS DIGITAL SA","EL094154295","JP","GR","EXW",1,1.1,3,null,"32151900","ROLAND EUV5P INK POUCH YE 750cc",null,"Buc",2,429.25,3.42,858.5,null,null,0.34,0.24]
["2024-04-11","BROTHER INT INDUSTRIEMASCHINEN GMBH","DE814895445","JP","DE","EXW",1,1.1,3,null,"32151900","BROTHER GTX INK WHITE 700cc (2 pcs)",null,"Buc",30,1236.85,87,37105.38,null,null,15,18]
["2024-04-11","BROTHER INT INDUSTRIEMASCHINEN GMBH","DE814895445","JP","DE","EXW",1,1.1,3,null,"29094100","BROTHER GTX PRE-TREATMENT 20Kg (17,5 Lt)",null,"Buc",6,2116.96,72,12701.76,null,null,24,24]
["2024-04-11","BROTHER INT INDUSTRIEMASCHINEN GMBH","DE814895445","JP","DE","EXW",1,1.1,3,null,"84439990","BROTHER WIPER CLEANER (GT3)",null,"Buc",8,70.7,0,565.6,null,null,0,0]
["2024-04-11","BROTHER INT INDUSTRIEMASCHINEN GMBH","DE814895445","JP","DE","EXW",1,1.1,3,null,"84439990","BROTHER WIPER CLEANER - 2pcs (GTX/PRO)",null,"Buc",6,74.23999999999999,0,445.41,null,null,0,0]
["2024-04-11","BROTHER INT INDUSTRIEMASCHINEN GMBH","DE814895445","JP","DE","EXW",1,1.1,3,null,"84439990","BROTHER FAN FILTER SET (GTX)",null,"Buc",4,14.14,0,56.56,null,null,0,0]
["2024-04-11","BROTHER INT INDUSTRIEMASCHINEN GMBH","DE814895445","JP","DE","EXW",1,1.1,3,null,"84439990","BROTHER PRINT HEAD WH (WHITEPRO)",null,"Buc",1,7388.15,0,7388.15,null,null,0,0]
["2024-04-11","BROTHER INT INDUSTRIEMASCHINEN GMBH","DE814895445","JP","DE","EXW",1,1.1,3,null,"84439990","BROTHER SPRING (BM917B)",null,"Buc",4,5.5,0,22.02,null,null,0,0]
["2024-04-16","BROTHER INT INDUSTRIEMASCHINEN GMBH","DE814895445","JP","DE","EXW",1,1.1,3,null,"32151900","BROTHER GTX INK 18L WHITE (GTX BULK)",null,"Buc",1,8650.65,{"$f":"1.05*18","v":null},8650.65,null,null,{"$f":"0.2*18","v":null},{"$f":"0.25*18","v":null}]
["2024-04-17","BROTHER INT INDUSTRIEMASCHINEN GMBH","DE814895445","JP","DE","EXW",1,1.1,3,null,"32151900","BROTHER GT-3 INK WHITE 380cc (2 pcs)",null,"Buc",10,1050.4,23.5,10504,null,null,4,2.5]
["2024-04-17","BROTHER INT INDUSTRIEMASCHINEN GMBH","DE814895445","JP","DE","EXW",1,1.1,3,null,"32151900","BROTHER GTX INK 1.8L YELLOW",null,"Buc",2,1386.23,8.4,2772.45,null,null,1.34,2]
["2024-04-17","BROTHER INT INDUSTRIEMASCHINEN GMBH","DE814895445","JP","DE","EXW",1,1.1,3,null,"32151100","BROTHER GTX INK 1.8L BLACK",null,"Buc",2,1386.23,4.2,2772.45,null,null,0.8,1]
["2024-04-17","BROTHER INT INDUSTRIEMASCHINEN GMBH","DE814895445","JP","DE","EXW",1,1.1,3,null,"34029090","BROTHER GT-3 MAINT. SOL 5L",null,"Buc",4,432.28,15.52,1729.12,null,null,2.4,6.08]
["2024-04-17","BROTHER INT INDUSTRIEMASCHINEN GMBH","DE814895445","JP","DE","EXW",1,1.1,3,null,"84439990","BROTHER FAN FILTER SET (GTX)",null,"Buc",10,14.14,0,141.4,null,null,0,0]
["2024-04-17","BROTHER INT INDUSTRIEMASCHINEN GMBH","DE814895445","JP","DE","EXW",1,1.1,3,null,"84439990","BROTHER POLY PRETREAT 90-2357-001 (2L)",null,"Buc",1,298.96,0,298.96,null,null,0,0]
["2024-04-17","BROTHER INT INDUSTRIEMASCHINEN GMBH","DE814895445","JP","DE","EXW",1,1.1,3,null,"84439990","BROTHER MAINTE UNIT SUPPLY ASSY GTXPRO",null,"Buc",1,8134.04,0,8134.04,null,null,0,0]
["2024-04-17","BROTHER INT INDUSTRIEMASCHINEN GMBH","DE814895445","JP","DE","EXW",1,1.1,3,null,"32151900","BROTHER GTX INK 18L WHITE (GTX BULK)",null,"Buc",1,8650.65,{"$f":"1.05*18","v":null},8650.65,null,null,{"$f":"0.2*18","v":null},{"$f":"0.25*18","v":null}]
["2024-04-23","IVERSEN GRAPHIC S.L.U.","B64099716","ES","ES","EXW",1,1.1,3,null,"84439990","IG DTF FILM D-LUX PRO, 320x450 (250 SHEETS)",null,"Buc",12,357.49,0,4289.87,null,null,0,0]
["2024-04-23","IVERSEN GRAPHIC S.L.U.","B64099716","ES","ES","EXW",1,1.1,3,null,"84439990","IG DTF POWDER PU75 20KG",null,"Buc",2,1298.56,36.6,2597.11,null,null,2,1.4]
["2024-04-02","WALTER SCHULZE GMBH","DE136596684","PL","DE","EXW",1,1.1,3,null,"84439990","SCH PowDR TENSION MEASURING BAR TYPE1",null,"Buc",1,75.54000000000001,0,75.54000000000001,null,null,0,0]

{"sheet":"Sheet","index":1,"n_rows":0,"n_cols":0,"rows_kept":0,"cut":false,"hidden":false,"merged":[]}